[Event "LJEM M-V 2025 u16"]
[Site "Malchow"]
[Date "2025.02.05"]
[Round "7.7"]
[White "Wellßow, Lio Keanu"]
[Black "Stepanjan, Tatevik Mia"]
[Result "0-1"]
[WhiteElo "1518"]
[BlackElo "1607"]
[Time "08:30:00"]
[WhiteTeam "HSG Stralsund"]
[BlackTeam "ESV 1888 Wittenberge"]

1.d4 d5 2.c4 e6 3.Nc3 Nf6 4.Bg5 Be7 5.Nf3 Nbd7 6.cxd5 exd5 7.Qc2 b6 8.e4 
dxe4 9.Nxe4 Bb7 10.Bd3 h6 11.Bf4 Rc8 12.Rc1 Nd5 13.Bg3 Nb4 14.Qb3 Bd5 15.
Bc4 Bxe4 16.Bxf7+ Kf8 17.Ne5 Nxe5 18.Bxe5 Nd3+ 19.Ke2 Nxc1+ 20.Rxc1 Bf6 
21.Bxf6 Qxf6 22.Be6 Re8 23.Bd7 Bd5+ 24.Bxe8 Bxb3 0-1

[Event "LJEM M-V 2025 u16"]
[Site "Malchow"]
[Date "2025.02.05"]
[Round "7.8"]
[White "Wrage, Julius"]
[Black "Baerens, Lennart"]
[Result "1-0"]
[WhiteElo "1208"]
[BlackElo "1131"]
[Time "08:30:00"]
[WhiteTeam "SAV Torgelow-Drögeheide 90"]
[BlackTeam "SF Schwerin"]

1.e4 e5 2.Nf3 Nc6 3.Bb5 a6 4.Ba4 b5 5.Bb3 Nf6 6.O-O Bc5 7.Re1 O-O 8.c3 d6 
9.h3 Bb7 10.d4 Bb6 11.Qd3 h6 12.Nbd2 Qe7 13.Nf1 Rfe8 14.Ng3 Na5 15.Bc2 
Rac8 16.Nf5 Qd7 17.d5 c6 18.dxc6 Nxc6 19.Nxd6 Rcd8 20.Nxe8 Qxd3 21.Bxd3 
Nxe8 22.Bc2 f6 23.Be3 Bc7 24.Red1 Nd6 25.a4 b4 26.cxb4 Nxb4 27.Bb3+ Kh7 
28.Rac1 Bb8 29.Bb6 Rd7 30.Bc5 a5 31.Be6 1-0

[Event "LJEM M-V 2025 u16"]
[Site "Malchow"]
[Date "2025.02.05"]
[Round "7.9"]
[White "Garde, Edgar Emil"]
[Black "Chandrasekher, Ritu"]
[Result "0-1"]
[WhiteElo "1214"]
[BlackElo "1640"]
[Time "08:30:00"]
[WhiteTeam "TuS Makkabi Rostock"]
[BlackTeam "TuS Makkabi Rostock"]

1.e4 c6 2.d4 d5 3.e5 c5 4.c3 Nc6 5.Nf3 cxd4 6.cxd4 Bg4 7.Be2 e6 8.h3 Bxf3 
9.Bxf3 Qb6 10.Nc3 Nxd4 11.Bxd5 exd5 12.Be3 Qxb2 13.Bxd4 Qa3 14.O-O Bc5 15.
Nxd5 Rc8 16.Qg4 Rc6 17.Qxg7 Rg6 18.Qxh8 Bxd4 19.Nc7+ Ke7 20.Nb5 Qg3 0-1

[Event "LJEM M-V 2025 u16"]
[Site "Malchow"]
[Date "2025.02.05"]
[Round "7.10"]
[White "König, Luca"]
[Black "Troschke, Bennet"]
[Result "0-1"]
[WhiteElo "1246"]
[BlackElo "1387"]
[Time "08:30:00"]
[WhiteTeam "Think Rochade - SC HRO"]
[BlackTeam "Greifswalder SV"]

1.e4 e5 2.Nf3 Nc6 3.Bc4 Nf6 4.Nc3 Be7 5.O-O O-O 6.d4 exd4 7.Nxd4 Nxd4 8.
Qxd4 d6 9.Qe3 Ng4 10.Qg3 Bh4 11.Qf4 Ne5 12.Be2 Be6 13.Nb5 Ng6 14.Qd2 Bf6 
15.Nd4 Bxd4 16.Qxd4 Qh4 17.Qc3 Rac8 18.Qe3 a6 19.f4 f5 20.g4 fxg4 21.f5 
Ne5 22.fxe6 Rxf1+ 23.Bxf1 Nf3+ 0-1

[Event "LJEM M-V 2025 u18"]
[Site "Malchow"]
[Date "2025.02.01"]
[Round "1.1"]
[White "Walz, Fabian"]
[Black "Hartung, Kim"]
[Result "1-0"]
[WhiteElo "1881"]
[BlackElo "1666"]
[Time "14:30:00"]
[WhiteTeam "SSC Rostock 07"]
[BlackTeam "PSV Ribnitz-Damgarten"]

1.d4 Nf6 2.c4 b6 3.Nf3 Bb7 4.g3 e6 5.Bg2 Be7 6.O-O O-O 7.Nc3 Ne4 8.Qc2 
Nxc3 9.Qxc3 d5 10.Rd1 Nd7 11.b3 c5 12.Bb2 Qc7 13.Rac1 Rac8 14.e3 Rfd8 15.
dxc5 Bf6 16.cxb6 Nxb6 17.Qc2 Bxb2 18.Qxb2 dxc4 19.Rxd8+ Rxd8 20.bxc4 Na4 
21.Qc2 Nc5 22.Ng5 g6 23.Rb1 h6 24.Nxe6 fxe6 25.Qxg6+ Qg7 26.Qxg7+ Kxg7 27.
Bxb7 Rd2 28.Rb5 1-0

[Event "LJEM M-V 2025 u18"]
[Site "Malchow"]
[Date "2025.02.01"]
[Round "1.2"]
[White "Stepanjan, Marianne"]
[Black "Krause, Enrico"]
[Result "0-1"]
[WhiteElo "1689"]
[BlackElo "1828"]
[Time "14:30:00"]
[WhiteTeam "ESV 1888 Wittenberge"]
[BlackTeam "Think Rochade - SC HRO"]

1.e4 c6 2.d4 d5 3.exd5 cxd5 4.Bd3 Nc6 5.c3 Nf6 6.h3 e5 7.dxe5 Nxe5 8.Nf3 
Nxd3+ 9.Qxd3 Be7 10.O-O O-O 11.Bf4 g6 12.Nd4 Nh5 13.Bh6 Re8 14.Nd2 Bg5 15.
Bxg5 Qxg5 16.N2f3 Qxg2+ 17.Kxg2 Nf4+ 18.Kg3 Nxd3 19.Rab1 Nc5 20.Rbd1 a6 
21.h4 Re4 22.Nh2 Bd7 23.f3 Re3 24.Rfe1 Rae8 25.Rxe3 Rxe3 26.Ng4 Bxg4 27.
Kxg4 Rd3 28.Re1 Kf8 29.Re5 Nd7 30.Re2 Rd1 31.Kf4 Rh1 32.Kg3 h5 33.Nb3 Rb1 
34.Kg2 f6 35.Nd4 Nc5 36.b3 Kf7 37.Kg3 Rc1 38.Re3 Rd1 39.Re2 Rd3 40.Rc2 
Ne4+ 41.Kf4 Nxc3 42.Ne2 Nxe2+ 43.Rxe2 Rd4+ 44.Kg3 a5 45.Re3 b5 46.Kh3 Rd2 
47.a3 Ra2 48.b4 axb4 49.axb4 Rb2 50.Rc3 Rxb4 0-1

[Event "LJEM M-V 2025 u18"]
[Site "Malchow"]
[Date "2025.02.01"]
[Round "1.3"]
[White "Lippitz, Jaden"]
[Black "Willam, Max Bastian"]
[Result "0-1"]
[WhiteElo "1791"]
[BlackElo "1669"]
[Time "14:30:00"]
[WhiteTeam "SG Güstrow/Teterow"]
[BlackTeam "SSC Rostock 07"]

1.e4 e5 2.Nf3 Nc6 3.Bc4 Nf6 4.d3 Bc5 5.c3 d6 6.h3 Be6 7.Bxe6 fxe6 8.b4 Bb6
9.a4 a6 10.Qb3 d5 11.a5 Ba7 12.Bg5 Qd6 13.Nbd2 h6 14.Bxf6 gxf6 15.O-O 
O-O-O 16.Rfb1 Rhg8 17.b5 Qc5 18.d4 Qxb5 19.Qc2 Qe2 20.Re1 Qb5 21.Reb1 Qe2 
22.Qb3 exd4 23.exd5 exd5 24.Qxb7+ Kd7 25.Re1 Qd3 26.Re6 Qb5 27.Qxb5 axb5 
28.Rxf6 dxc3 29.Nb3 d4 30.Rd1 Nb4 31.Nfxd4 Kc8 32.Rf4 c5 33.Rf7 Kb8 34.Re1
cxd4 35.Ree7 Nc6 36.Rc7 d3 37.Rxc6 d2 38.Nc5 d1=Q+ 39.Kh2 Bxc5 0-1

[Event "LJEM M-V 2025 u18"]
[Site "Malchow"]
[Date "2025.02.01"]
[Round "1.4"]
[White "Gorski, Paul Peter"]
[Black "Schott, Andy"]
[Result "0-1"]
[WhiteElo "1657"]
[BlackElo "1843"]
[Time "14:30:00"]
[WhiteTeam "Think Rochade - SC HRO"]
[BlackTeam "SG Güstrow/Teterow"]

1.e4 c5 2.Nf3 d6 3.d4 cxd4 4.Nxd4 Nf6 5.Nc3 a6 6.Be3 Nbd7 7.Qd2 b5 8.f3 e6
9.O-O-O Bb7 10.g4 Nb6 11.h4 Rc8 12.h5 b4 13.Nb1 Qc7 14.g5 Nfd7 15.Bd3 Ne5 
16.Qg2 d5 17.g6 hxg6 18.exd5 Nxd5 19.Bg1 Nf4 0-1

[Event "LJEM M-V 2025 u18"]
[Site "Malchow"]
[Date "2025.02.01"]
[Round "1.5"]
[White "Wiechhusen, Laurin-Elias"]
[Black "Sens, Gerda"]
[Result "1-0"]
[WhiteElo "1708"]
[BlackElo "1581"]
[Time "14:30:00"]
[WhiteTeam "SF Schwerin"]
[BlackTeam "SSC Rostock 07"]

1.Nf3 Nc6 2.d4 d5 3.g3 Bf5 4.Bg2 e6 5.O-O Nf6 6.c4 dxc4 7.Nbd2 b5 8.Ne5 
Nxe5 9.dxe5 Nd5 10.e4 c3 11.Nb3 Bxe4 12.Bxe4 c6 13.bxc3 Nxc3 14.Bxc6+ Ke7 
15.Ba3+ 1-0

[Event "LJEM M-V 2025 u18"]
[Site "Malchow"]
[Date "2025.02.01"]
[Round "1.6"]
[White "Vollmer, Willem Maarten"]
[Black "Schulz, Bruno Andreas"]
[Result "0-1"]
[WhiteElo "1385"]
[BlackElo "1819"]
[Time "14:30:00"]
[WhiteTeam "SF Schwerin"]
[BlackTeam "TuS Makkabi Rostock"]

1.e4 c5 2.Nf3 e6 3.d4 cxd4 4.Nxd4 a6 5.c4 Nf6 6.Qc2 Be7 7.Bd3 O-O 8.e5 
Qa5+ 9.Nc3 Qxe5+ 10.Nde2 Nc6 11.Bf4 Qa5 12.O-O Nb4 13.Qd2 Nxd3 14.Qxd3 e5 
15.Bd2 Qc7 16.Rac1 d6 17.Ng3 Bg4 18.Nge4 Nxe4 19.Qxe4 Be6 20.b3 f5 21.Qe2 
f4 22.Rfe1 f3 23.gxf3 Rf6 24.Ne4 Rg6+ 25.Kh1 Rf8 26.Rc3 Qd7 27.Rd3 Qc6 28.
Bb4 Bh3 29.Rg1 Rh6 30.Bd2 Rh5 31.Bb4 Rd8 32.Bxd6 Bh4 33.Bc5 Re8 34.Rd6 Qc8
35.Rd3 Bf5 36.Be3 Rf8 37.Rd5 Bg6 38.Ng3 Bxg3 39.fxg3 Qh3 40.Rg2 Rhf5 41.f4
exf4 42.Rxf5 Qxf5 43.Rf2 Qe4+ 44.Kg1 fxe3 45.Rxf8+ Kxf8 46.Qe1 Qb1 47.Qxb1
Bxb1 48.a3 Bd3 49.c5 Ke7 50.b4 Ke6 51.Kg2 Be2 52.h3 Ke5 53.g4 Ke4 54.Kg3 
Bc4 55.h4 Kd3 0-1

[Event "LJEM M-V 2025 u18"]
[Site "Malchow"]
[Date "2025.02.01"]
[Round "1.7"]
[White "Thormählen, Tjark"]
[Black "Mochtak, Maximilian"]
[Result "1-0"]
[WhiteElo "1626"]
[BlackElo "1507"]
[Time "14:30:00"]
[WhiteTeam "SG Güstrow/Teterow"]
[BlackTeam "TuS Makkabi Rostock"]

1.e4 c5 2.Nc3 a6 3.a4 Nc6 4.f4 e6 5.Nf3 Qc7 6.g3 d6 7.Bg2 Nf6 8.d3 Be7 9.
O-O O-O 10.Qe1 e5 11.f5 Bd7 12.h3 h5 13.Bg5 Nd4 14.Qf2 b5 15.Bxf6 Bxf6 16.
Nd5 Qd8 17.a5 Bc6 18.Nb6 Rb8 19.Nxd4 cxd4 20.Bf3 h4 21.gxh4 Bxh4 22.Qg2 
Qg5 23.Bg4 Qe3+ 24.Kh1 Qg3 25.Qxg3 Bxg3 26.Rf3 Bh4 27.Rg1 g6 28.fxg6 fxg6 
29.Be6+ Kh7 30.Rgf1 Rxf3 31.Rxf3 Re8 32.Rf7+ Kh6 33.Bc8 Re7 34.Rxe7 Bxe7 
35.Bxa6 Kg5 36.Bc8 Bd8 37.b4 Kf4 38.Nd5+ Bxd5 39.exd5 Ke3 40.Bd7 Kd2 41.
Bxb5 Kxc2 42.a6 Bb6 43.Kg2 Kb3 44.Be8 Kxb4 45.Bxg6 Kb5 46.h4 Kxa6 47.h5 
Bd8 48.Kg3 Bg5 49.Kg4 Bh6 50.Be4 Kb6 51.Kf5 Kc7 52.Kg6 Bf4 53.h6 Bxh6 54.
Kxh6 Kd7 55.Kg6 Ke7 56.Kg7 Kd7 57.Kf7 1-0

[Event "LJEM M-V 2025 u18"]
[Site "Malchow"]
[Date "2025.02.01"]
[Round "1.8"]
[White "Röseler, Ole"]
[Black "Asmussen, Johann"]
[Result "0-1"]
[WhiteElo "1116"]
[BlackElo "1541"]
[Time "14:30:00"]
[WhiteTeam "SG Güstrow/Teterow"]
[BlackTeam "HSG Stralsund"]

1.d4 d5 2.c4 e6 3.Nc3 c5 4.cxd5 cxd4 5.Qxd4 Nc6 6.Qd1 exd5 7.Qxd5 Be6 8.
Qxd8+ Rxd8 9.e3 Nb4 10.Bb5+ Ke7 11.Ba4 Nf6 12.Nge2 Nd3+ 13.Kf1 Ng4 14.f3 
Nxc1 15.Rxc1 Nxe3+ 16.Kf2 Nc4 17.b3 Ne5 18.Ke3 f5 19.Nf4 g5 20.Nxe6 Kxe6 
21.Rhd1 Bc5+ 22.Ke2 a6 23.g3 Bb4 24.f4 gxf4 25.gxf4 Rxd1 26.Kxd1 Rd8+ 27.
Kc2 Bxc3 28.Kxc3 Rc8+ 29.Kd2 Rxc1 30.Kxc1 Nd3+ 31.Kd2 Nxf4 32.b4 Ke5 33.
Bc2 Nd5 34.a3 Kf4 35.Kd3 Ne3 36.Bb1 Kf3 37.Kd4 h5 38.Ke5 Kg4 39.Bd3 f4 40.
h3+ Kg3 41.Be2 f3 42.Bxf3 Kxf3 43.Ke6 h4 44.Kd7 Kg3 45.Kc7 b5 46.Kb7 Nc4 
0-1

[Event "LJEM M-V 2025 u18"]
[Site "Malchow"]
[Date "2025.02.01"]
[Round "1.9"]
[White "Radtke, Thorben"]
[Black "Franke, Jasper"]
[Result "0-1"]
[WhiteElo "1594"]
[BlackElo "996"]
[Time "14:30:00"]
[WhiteTeam "ESV Waren"]
[BlackTeam "SG Güstrow/Teterow"]

1.e4 e5 2.Nf3 Nc6 3.Bb5 d6 4.d4 exd4 5.Nxd4 Bd7 6.Bxc6 Bxc6 7.Nxc6 bxc6 8.
O-O Nf6 9.Nc3 Be7 10.Be3 O-O 11.Qf3 Qd7 12.Rad1 Qg4 13.Qxg4 Nxg4 14.Bd4 
Bf6 15.Ne2 Rfe8 16.f3 Bxd4+ 17.Rxd4 Nf6 18.Nc3 Rab8 19.b3 Rbd8 20.Rfd1 Re5
21.Rc4 c5 22.Nb5 Rb8 23.Nxa7 Ra8 24.Nc6 Ree8 25.Ra4 Rxa4 26.bxa4 Ra8 27.
Rb1 Kf8 28.Rb8+ Rxb8 29.Nxb8 Ne8 30.a5 c6 31.a6 Nc7 32.a7 Ke7 33.Kf2 Ke6 
34.c4 d5 35.Ke3 dxc4 36.Kd2 Ke5 37.Nd7+ Kd4 38.a8=Q Nxa8 39.e5 Nc7 40.a4 
c3+ 41.Kc2 Nd5 42.a5 Nb4+ 43.Kc1 c2 44.f4 Kc3 45.Nxc5 Na2# 0-1

[Event "LJEM M-V 2025 u18"]
[Site "Malchow"]
[Date "2025.02.01"]
[Round "1.10"]
[White "Kunz, Chayenne"]
[Black "Karff, Tom"]
[Result "0-1"]
[WhiteElo "829"]
[BlackElo "1850"]
[Time "14:30:00"]
[WhiteTeam "ESV Waren"]
[BlackTeam "SG Güstrow/Teterow"]

1.e4 e5 2.Nf3 Nc6 3.Be2 Bc5 4.O-O d6 5.Qe1 f5 6.Bc4 h6 7.d3 Nf6 8.a3 a6 9.
Nc3 Qe7 10.Nd5 Nxd5 11.exd5 Nd4 12.Nxd4 Bxd4 13.c3 Ba7 14.a4 g5 15.a5 f4 
16.Be3 fxe3 17.fxe3 Bg4 18.Qg3 Bd7 19.Qf3 O-O-O 20.Rae1 Rdf8 21.Qh5 Rxf1+ 
22.Rxf1 Bxe3+ 23.Kh1 Rf8 24.d4 Rxf1+ 25.Bxf1 Qf8 26.Qe2 exd4 27.cxd4 Qf2 
28.Qxf2 Bxf2 29.h3 Bb5 30.Bxb5 axb5 31.g4 Bxd4 32.b3 Bc3 33.Kg2 Bxa5 34.
Kf3 c6 35.Ke4 Kd7 36.Kd4 Ke7 37.Ke4 Kf6 38.Kd4 c5+ 39.Kd3 Ke5 40.Ke3 Kxd5 
41.Kd3 c4+ 42.bxc4+ bxc4+ 43.Kc2 Kd4 44.Kb2 c3+ 45.Kc2 Bb6 46.Kc1 Kd3 47.
h4 Be3+ 48.Kb1 c2+ 49.Ka2 c1=Q 50.h5 Qc2+ 51.Ka3 Bc5# 0-1

[Event "LJEM M-V 2025 u18"]
[Site "Malchow"]
[Date "2025.02.02"]
[Round "2.1"]
[White "Asmussen, Johann"]
[Black "Walz, Fabian"]
[Result "0-1"]
[WhiteElo "1541"]
[BlackElo "1881"]
[Time "08:30:00"]
[WhiteTeam "HSG Stralsund"]
[BlackTeam "SSC Rostock 07"]

1.e4 c6 2.d4 d5 3.Nc3 dxe4 4.Nxe4 Nf6 5.Nxf6+ exf6 6.Bc4 Bd6 7.Ne2 Qc7 8.
Ng3 O-O 9.Qe2 Bd7 10.Be3 f5 11.Bg5 Re8 12.Bxf7+ Kxf7 0-1

[Event "LJEM M-V 2025 u18"]
[Site "Malchow"]
[Date "2025.02.02"]
[Round "2.2"]
[White "Krause, Enrico"]
[Black "Thormählen, Tjark"]
[Result "1-0"]
[WhiteElo "1828"]
[BlackElo "1626"]
[Time "08:30:00"]
[WhiteTeam "Think Rochade - SC HRO"]
[BlackTeam "SG Güstrow/Teterow"]

1.c4 Nf6 2.Nc3 e6 3.e4 c5 4.Nf3 Nc6 5.d4 cxd4 6.Nxd4 Bb4 7.f3 e5 8.Nf5 O-O
9.Bd2 d6 10.Ne3 Be6 11.Be2 Nd4 12.O-O Nh5 13.Ncd5 Bxd2 14.Qxd2 Qg5 15.Rad1
Rac8 16.b3 a5 17.Rf2 a4 18.Nf5 Qxd2 19.Rxd2 Nxf5 20.exf5 Bxd5 21.Rxd5 axb3
22.axb3 Rfd8 23.Rb5 Rc7 24.Bd3 Nf4 25.Be4 d5 26.Bxd5 Nxd5 27.Rxd5 Rxd5 28.
cxd5 Rd7 29.Rc2 f6 30.Rc5 Kf7 31.Kf2 Ke7 32.Ke3 Kd6 33.Rb5 g6 34.Ke4 Rc7 
35.fxg6 hxg6 36.Rb6+ 1-0

[Event "LJEM M-V 2025 u18"]
[Site "Malchow"]
[Date "2025.02.02"]
[Round "2.3"]
[White "Schott, Andy"]
[Black "Karff, Tom"]
[Result "1-0"]
[WhiteElo "1843"]
[BlackElo "1850"]
[Time "08:30:00"]
[WhiteTeam "SG Güstrow/Teterow"]
[BlackTeam "SG Güstrow/Teterow"]

1.e4 e5 2.Nf3 Nc6 3.Bb5 Nf6 4.d3 Bc5 5.c3 Qe7 6.Ba4 h6 7.h3 O-O 8.O-O d6 
9.Re1 Bd7 10.Nbd2 Bb6 11.Nc4 Nd8 12.Bc2 Re8 13.d4 Bb5 14.Nxb6 axb6 15.d5 
Nd7 16.Be3 Nf8 17.Nd2 Ng6 18.Qf3 Rf8 19.c4 Bd7 20.b4 Kh7 21.g4 Qh4 22.Qg2 
Kh8 23.Nf3 Qf6 24.g5 hxg5 25.Bxg5 Nf4 26.Bxf6 Nxg2 27.Bxd8 Nxe1 28.Nxe1 
Raxd8 29.Kg2 f5 30.f3 Rf7 31.a4 fxe4 32.Bxe4 Ra8 33.a5 Rf4 34.Nd3 bxa5 35.
Nxf4 exf4 36.bxa5 b6 37.a6 Bc8 38.a7 Bb7 39.h4 Bc8 40.Ra2 Kg8 41.Kf2 Kf7 
42.Ke2 Bd7 43.Kd3 Kf6 44.Kd4 Bc8 45.Ra1 Bd7 46.Bd3 Bc8 47.h5 Bd7 48.Bg6 
c5+ 49.dxc6 Bxc6 50.Be4 Bxe4 51.Kxe4 Ke6 52.Kxf4 Kf6 53.Ke4 Ke6 54.Ra2 1-0

[Event "LJEM M-V 2025 u18"]
[Site "Malchow"]
[Date "2025.02.02"]
[Round "2.4"]
[White "Willam, Max Bastian"]
[Black "Wiechhusen, Laurin-Elias"]
[Result "1/2-1/2"]
[WhiteElo "1669"]
[BlackElo "1708"]
[Time "08:30:00"]
[WhiteTeam "SSC Rostock 07"]
[BlackTeam "SF Schwerin"]

1.e4 c5 2.c3 Nf6 3.e5 Nd5 4.d4 cxd4 5.cxd4 d6 6.Bc4 dxe5 7.dxe5 e6 8.Nf3 
Be7 9.O-O O-O 10.Qe2 b6 11.Rd1 Qc7 12.b3 Bb7 13.Bxd5 Bxd5 14.Ba3 Nc6 15.
Bxe7 Nxe7 16.Nbd2 Rac8 17.Nd4 Ng6 18.N2f3 Bxf3 19.Nxf3 h6 20.h3 Qb8 21.
Rac1 Rxc1 22.Rxc1 Rd8 23.Qa6 Nxe5 24.Nxe5 Qxe5 25.Qxa7 Qg5 26.Rf1 b5 27.
Qb6 Rd3 28.Kh2 Qe5+ 29.Kg1 Qg5 30.Kh2 Qc5 31.Kg1 h5 32.Qb7 g5 33.Qe7 g4 
34.hxg4 hxg4 35.Qh4 Qd4 36.Rc1 Rd1+ 37.Rxd1 Qxd1+ 38.Kh2 Qd6+ 39.Qg3 Qb4 
40.f3 Qa5 41.Qxg4+ Kf8 42.Qg5 Qe1 43.Qxb5 Qh4+ 44.Kg1 Qe1+ 45.Qf1 Qe3+ 
1/2-1/2

[Event "LJEM M-V 2025 u18"]
[Site "Malchow"]
[Date "2025.02.02"]
[Round "2.5"]
[White "Schulz, Bruno Andreas"]
[Black "Franke, Jasper"]
[Result "1-0"]
[WhiteElo "1819"]
[BlackElo "996"]
[Time "08:30:00"]
[WhiteTeam "TuS Makkabi Rostock"]
[BlackTeam "SG Güstrow/Teterow"]

1.d4 Nf6 2.c4 g6 3.Nc3 Bg7 4.e4 d6 5.f3 O-O 6.Be3 c5 7.d5 Nbd7 8.Qd2 Ne5 
9.Be2 e6 10.h3 h5 11.f4 Ned7 12.dxe6 fxe6 13.Qxd6 b6 14.e5 Nh7 15.Bf3 Rb8 
16.Qxe6+ Kh8 17.Qxg6 Bb7 18.Qxh5 Bxf3 19.Nxf3 Re8 20.Ng5 Qxg5 21.fxg5 Rxe5
22.O-O-O Rxe3 23.Rxd7 Re5 24.h4 Kg8 25.Qf7+ Kh8 26.Qxg7# 1-0

[Event "LJEM M-V 2025 u18"]
[Site "Malchow"]
[Date "2025.02.02"]
[Round "2.6"]
[White "Sens, Gerda"]
[Black "Lippitz, Jaden"]
[Result "0-1"]
[WhiteElo "1581"]
[BlackElo "1791"]
[Time "08:30:00"]
[WhiteTeam "SSC Rostock 07"]
[BlackTeam "SG Güstrow/Teterow"]

1.e4 e5 2.Nf3 Nc6 3.Bc4 Bc5 4.c3 Nf6 5.d3 d6 6.Bg5 Be6 7.Bb3 h6 8.Be3 Bb6 
9.Nbd2 Qe7 10.O-O O-O-O 11.Re1 g5 12.Bxe6+ Qxe6 13.Bxb6 axb6 14.d4 exd4 
15.cxd4 d5 16.e5 Nh5 17.Nf1 Nf4 18.Qd2 Rdg8 19.Ng3 Qg4 20.Qc2 Ne7 21.Re3 
h5 22.Kf1 h4 23.h3 Nxh3 24.Nh2 Qe6 25.Ne2 Nf4 26.Rf3 Neg6 27.Rc1 c6 28.Qd2
Nxe2 29.Qxe2 Nf4 30.Qd2 Kd7 31.Qb4 b5 32.Qc5 Ra8 33.a3 Rhe8 34.Rfc3 Ra6 
35.f3 f5 36.Kf2 b6 37.Qxc6+ Qxc6 38.Rxc6 Nd3+ 39.Ke2 Nxc1+ 40.Rxc1 Ra4 41.
Ke3 Rc4 42.Rc3 Rxc3+ 43.bxc3 Ra8 44.Nf1 Rxa3 45.Kd3 b4 46.Nd2 bxc3 47.Nb1 
Rb3 48.Nxc3 g4 49.Kc2 Rxc3+ 50.Kxc3 h3 51.gxh3 g3 52.h4 g2 53.h5 g1=Q 0-1

[Event "LJEM M-V 2025 u18"]
[Site "Malchow"]
[Date "2025.02.02"]
[Round "2.7"]
[White "Vollmer, Willem Maarten"]
[Black "Radtke, Thorben"]
[Result "0-1"]
[WhiteElo "1385"]
[BlackElo "1594"]
[Time "08:30:00"]
[WhiteTeam "SF Schwerin"]
[BlackTeam "ESV Waren"]

1.e4 e5 2.Bc4 Nf6 3.Nc3 Bb4 4.d3 Nc6 5.f4 exf4 6.Bxf4 d6 7.Nf3 O-O 8.O-O 
Be6 9.Bxe6 fxe6 10.e5 Bxc3 11.bxc3 Nd5 12.Bg5 Qd7 13.c4 Nb6 14.exd6 Qxd6 
15.Re1 Rf5 16.Qd2 Raf8 17.Re2 Rxf3 18.gxf3 Qd4+ 19.Kg2 Qxa1 20.Rxe6 Rxf3 
21.Qe2 Nd4 22.Re8+ Kf7 23.Qe7+ Kg6 24.Qe4+ Rf5 25.Re6+ Nxe6 26.Qxe6+ Kxg5 
27.h4+ Kg4 28.Qe4+ Rf4 29.Qe6+ Kxh4 30.Qe7+ Qf6 31.Qe1+ Kg5 0-1

[Event "LJEM M-V 2025 u18"]
[Site "Malchow"]
[Date "2025.02.02"]
[Round "2.8"]
[White "Hartung, Kim"]
[Black "Röseler, Ole"]
[Result "1-0"]
[WhiteElo "1666"]
[BlackElo "1116"]
[Time "08:30:00"]
[WhiteTeam "PSV Ribnitz-Damgarten"]
[BlackTeam "SG Güstrow/Teterow"]

1.d4 Nf6 2.c4 g6 3.g3 Bg7 4.Bg2 d6 5.Nc3 O-O 6.Nf3 c5 7.dxc5 dxc5 8.Be3 
Nbd7 9.O-O Re8 10.Qb3 a6 11.Rfd1 Qc7 12.Nd5 Nxd5 13.Rxd5 Rb8 14.a4 b6 15.
Rad1 Ne5 16.Nxe5 Bxe5 17.Rxe5 Qxe5 18.Bf4 Qxe2 19.Bxb8 Bg4 20.f3 Rxb8 21.
fxg4 Qxg4 22.Qd3 b5 23.cxb5 Qxa4 24.bxa6 c4 25.Qd4 Qxa6 26.Bf1 Qb5 27.Bxc4
Qxb2 28.Qxb2 Rxb2 29.Rf1 e6 30.Rf2 Rxf2 31.Kxf2 Kg7 32.Kf3 h6 33.Ke4 Kf6 
34.h4 h5 35.Be2 Kg7 36.Ke5 Kf8 37.Kf6 Kg8 38.Bb5 e5 39.Be8 e4 40.Bxf7+ Kh7
41.Bxg6+ Kh6 42.Be8 1-0

[Event "LJEM M-V 2025 u18"]
[Site "Malchow"]
[Date "2025.02.02"]
[Round "2.9"]
[White "Mochtak, Maximilian"]
[Black "Stepanjan, Marianne"]
[Result "0-1"]
[WhiteElo "1507"]
[BlackElo "1689"]
[Time "08:30:00"]
[WhiteTeam "TuS Makkabi Rostock"]
[BlackTeam "ESV 1888 Wittenberge"]

1.d4 d5 2.Bf4 Nf6 3.Nf3 e6 4.e3 Be7 5.c4 O-O 6.Nc3 Nh5 7.Bg3 a6 8.a4 Nf6 
9.Qc2 dxc4 10.Bxc4 Nc6 11.Ne4 Nxe4 12.Qxe4 Bb4+ 13.Ke2 Re8 14.Ng5 Qxg5 15.
Bd3 Qh5+ 16.f3 f5 17.Qf4 Bd6 18.Qh4 Qxh4 19.Bxh4 Nb4 20.Bc4 Kh8 21.Rad1 
Bd7 22.b3 Bc6 23.h3 b5 24.axb5 axb5 25.Bd3 Ra2+ 26.Rd2 Rxd2+ 27.Kxd2 Nxd3 
28.Kxd3 Ra8 29.Rc1 Bd5 30.e4 fxe4+ 31.fxe4 Bxb3 32.e5 Bc4+ 33.Ke3 Ra3+ 34.
Kf4 Bb4 35.Rc2 h6 36.Bf6 gxf6 37.exf6 Bd6+ 38.Kg4 Rg3+ 39.Kh5 Kh7 40.h4 
Bd3 0-1

[Event "LJEM M-V 2025 u18"]
[Site "Malchow"]
[Date "2025.02.02"]
[Round "2.10"]
[White "Kunz, Chayenne"]
[Black "Gorski, Paul Peter"]
[Result "0-1"]
[WhiteElo "829"]
[BlackElo "1657"]
[Time "08:30:00"]
[WhiteTeam "ESV Waren"]
[BlackTeam "Think Rochade - SC HRO"]

1.e4 d6 2.d4 Nf6 3.Nc3 g6 4.Nf3 Bg7 5.Be2 O-O 6.O-O c6 7.b3 a5 8.a4 Na6 9.
Ba3 Nb4 10.e5 Nd7 11.Nb1 dxe5 12.dxe5 Nxe5 13.Bb2 Nxf3+ 14.Bxf3 Bxb2 15.
Nd2 Bxa1 16.Qxa1 Nxc2 17.Qc3 Bf5 18.Be4 Bxe4 19.Nxe4 Nb4 20.Qh3 Qd5 21.Qh4
f6 22.Qf4 Qf5 23.Qe3 Rad8 24.Nc5 Rd5 25.Nxb7 Re5 26.Qb6 Rb8 27.Qa7 Rxb7 
28.Qxb7 Qc2 29.h3 Qxb3 30.Qc7 Qxa4 31.Qd8+ Kg7 32.Rd1 Nd5 33.Rb1 Re4 34.g3
Qc2 35.Rb8 Re1+ 36.Kg2 Qe4+ 37.Kh2 Qh1# 0-1

[Event "LJEM M-V 2025 u18"]
[Site "Malchow"]
[Date "2025.02.02"]
[Round "3.1"]
[White "Walz, Fabian"]
[Black "Schott, Andy"]
[Result "1/2-1/2"]
[WhiteElo "1881"]
[BlackElo "1843"]
[Time "14:30:00"]
[WhiteTeam "SSC Rostock 07"]
[BlackTeam "SG Güstrow/Teterow"]

1.d4 Nf6 2.c4 e6 3.g3 d5 4.Bg2 Bb4+ 5.Nd2 O-O 6.Nf3 c6 7.O-O Nbd7 8.Qc2 b6
9.e4 Bb7 10.Rd1 Rb8 11.a3 Be7 12.b3 dxe4 13.Nxe4 Nxe4 14.Qxe4 c5 15.Qe3 
Bf6 16.Bb2 Qc7 17.Rd2 cxd4 18.Bxd4 Bxd4 19.Rxd4 e5 20.Rd2 f6 21.Rad1 Rfd8 
22.Nxe5 fxe5 23.Bxb7 Rxb7 24.Qg5 Rbb8 25.Qe7 Qc5 26.Qe6+ Kh8 27.Rxd7 Rxd7 
28.Qxd7 Rf8 29.Qd2 Qxa3 30.Qe3 Qe7 31.Rd5 Re8 32.f4 e4 33.Re5 Qd7 34.Rxe4 
Qd1+ 35.Kg2 Qc2+ 36.Kf3 Qd1+ 37.Kf2 Qc2+ 38.Kf3 Rxe4 39.Qxe4 Qxb3+ 40.Kg4 
Qd1+ 41.Kh3 Qd7+ 42.Kg2 h6 43.h4 1/2-1/2

[Event "LJEM M-V 2025 u18"]
[Site "Malchow"]
[Date "2025.02.02"]
[Round "3.2"]
[White "Schulz, Bruno Andreas"]
[Black "Krause, Enrico"]
[Result "0-1"]
[WhiteElo "1819"]
[BlackElo "1828"]
[Time "14:30:00"]
[WhiteTeam "TuS Makkabi Rostock"]
[BlackTeam "Think Rochade - SC HRO"]

1.d4 d5 2.c4 c6 3.Nf3 Nf6 4.e3 Bf5 5.Nc3 e6 6.Qb3 Qb6 7.Qxb6 axb6 8.Bd2 h6
9.Be2 Bd6 10.O-O Nbd7 11.Rfc1 O-O 12.a4 Ra7 13.Ra2 Rfa8 14.b3 Ne4 15.Rca1 
Nxd2 16.Nxd2 Bb4 17.Rc1 dxc4 18.Nxc4 b5 19.Nb2 Nb6 20.Ncd1 Bd2 21.Rca1 Nd5
22.Nd3 Bc3 23.Rc1 Bxd3 24.Bxd3 Bb4 25.Bc2 Bd6 26.Rb1 Nb4 27.Rab2 bxa4 28.
bxa4 Nxc2 29.Rxc2 Rxa4 30.Rxb7 Ra1 31.Rd2 R8a2 32.Rd3 Rc1 33.Kf1 Raa1 34.
Ke2 Bxh2 35.g3 h5 36.Rb8+ Kh7 37.Rf8 Kg6 38.Rh8 Bg1 39.g4 hxg4 40.e4 Rxd1 
41.Rxd1 Rxd1 42.Kxd1 Bxf2 43.Rd8 g3 44.Ke2 Kf6 45.Rd7 c5 46.dxc5 Bxc5 47.
Kf3 Bf2 48.e5+ Kg6 49.Re7 Bd4 50.Kxg3 Bxe5+ 51.Kf3 Kf6 52.Rb7 g5 53.Ke4 
Bf4 54.Ra7 Kg6 55.Kf3 f6 56.Ra8 Kf5 57.Rg8 e5 58.Rf8 e4+ 59.Ke2 Kg6 60.Re8
f5 61.Ra8 Kh5 62.Kf2 Kg4 63.Ra5 Bc7 64.Rb5 Kf4 65.Kg2 g4 66.Rb4 Ke3 67.Kf1
Kf3 68.Rb3+ e3 69.Rb2 Ba5 70.Rf2+ Ke4 71.Rg2 Bd2 72.Ke2 Kf4 73.Kf1 Kg5 74.
Kg1 f4 75.Kh2 f3 76.Rg3 e2 77.Rg1 e1=Q 78.Rg3 Qxg3+ 79.Kxg3 Be1+ 80.Kh2 
Bf2 81.Kh1 Kh4 82.Kh2 g3+ 83.Kh1 g2+ 84.Kh2 g1=Q# 0-1

[Event "LJEM M-V 2025 u18"]
[Site "Malchow"]
[Date "2025.02.02"]
[Round "3.3"]
[White "Wiechhusen, Laurin-Elias"]
[Black "Lippitz, Jaden"]
[Result "0-1"]
[WhiteElo "1708"]
[BlackElo "1791"]
[Time "14:30:00"]
[WhiteTeam "SF Schwerin"]
[BlackTeam "SG Güstrow/Teterow"]

1.Nf3 d5 2.c4 dxc4 3.g3 Nf6 4.Bg2 g6 5.O-O Nbd7 6.Na3 Nb6 7.Ne5 Bg7 8.
Naxc4 O-O 9.d4 c6 10.e4 Be6 11.Na5 Qc8 12.Qc2 Rd8 13.Be3 Ng4 14.Nxg4 Bxg4 
15.f3 Be6 16.Rfd1 Rd7 17.b4 Qd8 18.Bf1 Bxd4 19.Bxd4 Rxd4 20.Nxb7 Rxd1 21.
Nxd8 Rxa1 22.Nxe6 fxe6 23.Qb3 Kf7 24.Kf2 Rd8 25.Bh3 Rd6 26.e5 Rd5 27.f4 
Rad1 28.Bg4 R5d2+ 29.Be2 Ra1 30.Ke3 Rdxa2 31.Bd3 Nd5+ 32.Kd4 Ra4 33.Kc5 
Rc1+ 34.Bc2 Rxb4 35.Qa2 Rb5+ 36.Kd4 Nb4 37.Qxa7 Rxc2 38.h4 Rd5+ 0-1